| 000 | 01406cam a2200217 4500 | ||
|---|---|---|---|
| 001 | ##L132869 | ||
| 008 | 060315n2006 000 0 eng u | ||
| 035 | _a(Sirsi) u132869 | ||
| 041 | 0 | _aeng | |
| 050 | 0 | 4 | _a690.241026 $2 18 |
| 110 | 1 |
_aUnited Kingdom _bOffice of the Deputy Prime Minister |
|
| 245 | 0 | 0 |
_aListed buildings casework _ba consultation paper |
| 260 |
_aLondon _bODPM _c2006 |
||
| 520 | _aSeeks comments on proposals relating to the planning casework affecting Grade 1 and 2 listed buildings in England with a view to the majority of this work being handled by planning inspectors. The consultation covers proposed amendments to the Town and Country Planning (Determination of Appeals by Appointed Persons)(Prescribed Classes) Regulations 1997, known as the Appointed Persons Regulations, and to DETR Circular 01/2001 "Arrangements for handling heritage applications: notification and directions by the Secretary of State". Comments are required by 24 May 2006. | ||
| 590 | _aIKA280306 | ||
| 650 | 2 | 4 | _aTOWN AND COUNTRY PLANNING (DETERMINATION OF APPEALS BY APPOINTED PERSONS)(PRESCRIBED CLASSES) REGULATIONS 1997 |
| 650 | 2 | 4 | _aDETR CIRCULAR 01/2001 |
| 690 | _aENVIRONMENTAL AND LAND CONSULTANCY-PLANNING AND DEVELOPMENT-DEVELOPMENT CONTROL | ||
| 856 | 4 | 0 |
_uhttps://www.communities.gov.uk/index.asp?id=1163801 _zView the consultation free of charge at www.dclg.gov.uk... |
| 942 | _n0 | ||
| 999 |
_c105264 _d105264 |
||